Rama Setu: (Record no. 11553)

MARC details
000 -LEADER
fixed length control field 00713 a2200205 4500
010 ## - LIBRARY OF CONGRESS CONTROL NUMBER
LC control number ENG-89869
020 ## - INTERNATIONAL STANDARD BOOK NUMBER
International Standard Book Number 8124114186
Terms of availability 495.00
035 ## - SYSTEM CONTROL NUMBER
System control number EN-73402
037 ## - SOURCE OF ACQUISITION
Source of stock number/acquisition DBAD / PUB
082 14 - DEWEY DECIMAL CLASSIFICATION NUMBER
Classification number 386.45
090 ## - LOCALLY ASSIGNED LC-TYPE CALL NUMBER (OCLC); LOCAL CALL NUMBER (OCLC)
-- 11907
-- 11907
100 1# - MAIN ENTRY--PERSONAL NAME
Personal name Subramanian Swamy
245 1# - TITLE STATEMENT
Title Rama Setu:
Remainder of title symbol of national unity/
Statement of responsibility, etc by Subramanian Swamy
260 ## - PUBLICATION, DISTRIBUTION, ETC. (IMPRINT)
Place of publication, distribution, etc New Delhi
Name of publisher, distributor, etc Har-Anand Publications
Date of publication, distribution, etc 2008
270 ## - ADDRESS
Address E-49/3, Okhla Induatrial Area, Phase-II
City New Delhi
Postal code 110020
Telephone number 41603490
Fax number 41708607
300 ## - PHYSICAL DESCRIPTION
Extent 224p.:
Dimensions 22 cm. (Hb)
Other physical details col. photos
500 ## - GENERAL NOTE
General note Includes index.
942 ## - ADDED ENTRY ELEMENTS (KOHA)
Institution code [OBSOLETE] dpl
Koha item type English Books
Call number prefix 386.45 / SUB
Holdings
Withdrawn status Lost status Source of classification or shelving scheme Damaged status Not for loan Collection code Home library Current library Source of acquisition Cost, normal purchase price Total Checkouts Full call number Barcode Date last seen Copy number Uniform Resource Identifier Cost, replacement price Price effective from Koha item type
    Dewey Decimal Classification   Not For Loan Non-fiction D.B.Act.Division D.B.Act.Division DBAD/PUB 495.00   386.45 SUB EN-73402 15/09/2008 1 12667 495.00 15/09/2008 English Books

© Delhi Public Library
Hit Counter
free hit counter